Pays insulaires du Monde - Carte Quiz - Statistiques

Statistiques générales
  • Ce quiz a été pris 57 fois
  • Le résultat moyen est 32 sur 48
Réponses sur la Carte
Les réponses sont colorées sur une échelle allant du rouge au vert en fonction du pourcentage des utilisateurs qui les ont devinées à leur premier essai. Vous pouvez retrouver ces pourcentages ci-dessous.
 
Statistiques - réponses
Réponse % Correct
Australie
96%
Cuba
91%
Madagascar
89%
Bahamas
87%
Nouvelle-Zélande
87%
Papouasie-Nouvelle-Guinée
87%
Jamaïque
85%
Japon
85%
Haïti
83%
Indonésie
83%
Sri Lanka
83%
Cap Vert
81%
Irlande
81%
Islande
81%
Philippines
81%
Maurice
79%
République Dominicaine
79%
Singapour
79%
Taïwan
79%
Chypre
77%
Comores
77%
Maldives
77%
Royaume-Uni
77%
Sao Tomé-et-Principe
77%
Malte
75%
Bahreïn
74%
Seychelles
74%
Brunei
68%
Timor Oriental
68%
Trinité-et-Tobago
66%
États Fédérés de Micronésie
62%
Îles Salomon
53%
Kiribati
53%
Îles Marshall
51%
Fidji
47%
Nauru
47%
Palaos
47%
Antigua-et-Barbuda
45%
Barbade
45%
Grenade
45%
Saint-Vincent et les Grenadines
42%
Tonga
42%
Vanuatu
42%
Sainte-Lucie
40%
Dominique
38%
Samoa
38%
Tuvalu
38%
Saint-Christophe-et-Niévès
36%
Aucun quiz correspondant
Distribution des résultats
% des personnes avec chaque résultat
Percentile par nombre de réponses
Votre historique - résultats
Vous n’avez pas pris ce quiz